000 00422nam a2200181Ia 4500
001 4435
005 20260306145756.0
008 260306t1995||||xx |||||||||||||| ||spa||
041 _aESP
082 _a321.8
_bG28
100 _aGatti Murriel, Aldo,
_eAUT
245 0 _aDemocracia y participación
260 _c1995
300 _a129 pƔginas :
_c20 cm.
650 _aGEN
654 _aCDE
942 _cLIB
_dJUS
_fJUS
_2ddc
_n
999 _c4435
_d4435